18 福井県の市町村 人口順 - Statistics

General Stats
  • This quiz has been taken 8 times
  • The average score is 15 of 17
Answer Stats
順位 人口 市町村 % Correct
1 252,733 福井市
100%
2 85,464 坂井市
100%
3 78,312 越前市
100%
4 67,035 鯖江市
100%
5 60,955 敦賀市
100%
6 28,165 大野市
100%
7 27,266 小浜市
100%
8 25,847 あわら市
100%
9 20,253 勝山市
100%
10 18,621 越前町
100%
11 18,140 永平寺町
100%
12 12,682 若狭町
88%
14 8,961 南越前町
75%
15 8,409 美浜町
75%
16 7,364 おおい町
75%
13 9,523 高浜町
50%
17 2,075 池田町
50%
No matching quizzes found
Score Distribution
Percent of People with Each Score
Percentile by Number Answered
Your Score History
You have not taken this quiz